LISP-Anwendungsgebiete, Gundbegriffe, Geschichte.

Uložené v:
Podrobná bibliografia
Hlavný autor: STOYAN, H. (Author)
Médium: Kniha
Jazyk:German
Vydané: 1980
Tagy: Pridať tag
Žiadne tagy, Buďte prvý kto otaguje tento záznam!

MARC

LEADER 00000nam a2200000 a 4500
001 000125713
005 00000000000000.0
008 040101s1980 e gero
041 0 |a ger 
100 1 |a STOYAN, H.  |4 aut 
245 1 0 |a LISP-Anwendungsgebiete, Gundbegriffe, Geschichte. 
260 |c 1980 
500 |a Záznam neprešiel kontrolou 
910 |a svkkk 
998 |a BK 
090 |g SCKHL  |k Sklad Pribinova 2. posch.  |a III.119873  |i 2720692451  |s Absenčne